00425nam a22001337a 4500008004100000041000800041080000700049100000700056101000800063245008000071942001200151999001700163952011100180180109b xxu||||| |||| 00| 0 eng d aeng a51 a36 amat awilwey series in probality and mathematical statisticscpollock.d.s.g 2udccBK c39874d39874 00102udc40708PËKGa002b002cPËKGd2018-01-09l0o51 polp002-2995138r2018-01-09w2018-01-09yBK